[Event "44th Rilton Cup 2014-15"]
[Site "Stockholm SWE"]
[Date "2014.12.30"]
[Round "4.5"]
[White "Ivanov, Sergey"]
[Black "Tari, Aryan"]
[Result "1-0"]
[WhiteTitle "GM"]
[BlackTitle "IM"]
[WhiteElo "2559"]
[BlackElo "2485"]
[WhiteFideId "4101375"]
[BlackFideId "1510045"]
[EventDate "2014.12.27"]

1. d4 d5 2. c4 dxc4 3. e3 e5 4. Bxc4 exd4 5. exd4 Nf6 6. Nf3 Be7 7. O-O O-O 8.
Nc3 Bg4 9. h3 Bh5 10. g4 Bg6 11. Ne5 c5 12. d5 a6 13. a4 Bd6 14. f4 Ne4 15. Nxg6
Nxc3 16. bxc3 hxg6 17. Rb1 b6 18. Qd3 Ra7 19. Bd2 Re8 20. Rfe1 Rxe1+ 21. Rxe1
Re7 22. Rxe7 Bxe7 23. Qe4 Bd6 24. Kg2 Kf8 25. g5 Bc7 26. Be2 Qe8 27. Qxe8+ Kxe8
28. h4 Ke7 29. Kf3 Bd6 30. Ke4 a5 31. Bb5 Nd7 32. Bxd7 Kxd7 33. c4 Ke7 34. Bc3
f5+ 35. gxf6+ gxf6 36. f5 Kf7 37. fxg6+ Kxg6 38. h5+ Kg5 39. Bd2+ Kg4 40. h6 f5+
41. Kd3 Be5 42. h7 f4 43. Bc3 1-0

[Event "44th Rilton Cup 2014-15"]
[Site "Stockholm SWE"]
[Date "2014.12.30"]
[Round "4.6"]
[White "Hillarp Persson, Tiger"]
[Black "Jere, Daniel"]
[Result "1-0"]
[WhiteTitle "GM"]
[BlackTitle "IM"]
[WhiteElo "2544"]
[BlackElo "2370"]
[WhiteFideId "1700812"]
[BlackFideId "8700249"]
[EventDate "2014.12.27"]

1. d4 Nf6 2. c4 g6 3. Nc3 Bg7 4. e4 d6 5. Nf3 O-O 6. Be2 e5 7. d5 a5 8. Bg5 h6
9. Be3 Ng4 10. Bc1 f5 11. exf5 gxf5 12. g3 Qe8 13. Nh4 Nf6 14. Qc2 Na6 15. a3
Nc5 16. Be3 Nfe4 17. Nxe4 Nxe4 18. Bd3 Ng5 19. O-O-O e4 20. Be2 Bd7 21. Ng2 b5
22. c5 dxc5 23. Bxc5 b4 24. Nf4 bxa3 25. Bxa3 Ba4 26. b3 Qe5 27. Bxf8 Bxf8 28.
d6 Be8 29. dxc7 Qa1+ 30. Kd2 Bb4+ 31. Ke3 Qe5 32. Rd5 Qf6 33. c8=Q Qb6+ 34. Rd4
Bd2+ 35. Kxd2 Qxd4+ 36. Ke1 Rxc8 37. Qxc8 Qa1+ 38. Bd1 Nf3+ 39. Ke2 Kg7 40. Qxe8
Nd4+ 41. Kd2 Nf3+ 42. Bxf3 Qb2+ 43. Ke1 Qc3+ 44. Kf1 Qc1+ 45. Kg2 exf3+ 46. Kh3 1-0

[Event "44th Rilton Cup 2014-15"]
[Site "Stockholm SWE"]
[Date "2014.12.30"]
[Round "4.7"]
[White "Romanov, Evgeny"]
[Black "Vandenbussche, Thibaut"]
[Result "1-0"]
[WhiteTitle "GM"]
[BlackTitle "FM"]
[WhiteElo "2638"]
[BlackElo "2418"]
[WhiteFideId "4148843"]
[BlackFideId "204412"]
[EventDate "2014.12.27"]

1. d4 Nf6 2. Nf3 c5 3. d5 e6 4. Nc3 b5 5. dxe6 fxe6 6. Nxb5 d5 7. e4 Be7 8. e5
Ne4 9. c4 O-O 10. Be2 d4 11. Bd3 Bb7 12. Qc2 Na6 13. Bxe4 Nb4 14. Qb1 d3 15.
Bxb7 Nc2+ 16. Kf1 Nxa1 17. Qxa1 d2 18. Nxd2 Qd3+ 19. Ke1 Rxf2 20. Kxf2 Bh4+ 21.
g3 Rf8+ 22. Nf3 Qc2+ 23. Ke1 Qxc4 24. Nd6 Qg4 25. gxh4 Rxf3 26. Bxf3 Qxf3 27.
Rf1 1-0

[Event "44th Rilton Cup 2014-15"]
[Site "Stockholm SWE"]
[Date "2014.12.30"]
[Round "4.8"]
[White "Shimanov, Aleksandr"]
[Black "Martynov, Pavel2"]
[Result "1/2-1/2"]
[WhiteTitle "GM"]
[BlackTitle "FM"]
[WhiteElo "2591"]
[BlackElo "2400"]
[WhiteFideId "4198603"]
[BlackFideId "4122186"]
[EventDate "2014.12.27"]

1. c4 c6 2. Nf3 Nf6 3. g3 d5 4. Bg2 Bg4 5. Ne5 Be6 6. cxd5 Bxd5 7. Nf3 c5 8. Nc3
Bc6 9. O-O e6 10. Qb3 Be7 11. Rd1 O-O 12. d4 Nbd7 13. Be3 Ng4 14. d5 c4 15. Qxc4
Nxe3 16. fxe3 Nb6 17. Qb3 Nxd5 18. Nd4 Bc5 19. Nxd5 Bxd5 20. Bxd5 Qxd5 21. Qxd5
exd5 22. Rac1 Bb6 23. Kf2 Rfe8 24. Rc3 g6 25. Nb5 Re5 26. Rdd3 Rd8 27. Nd4 Kg7
28. b4 h5 29. a4 a5 30. bxa5 Bxa5 31. Rb3 Rd7 32. Rb5 b6 33. Nb3 Rf5+ 34. Kg1
Be1 35. Nd4 Rf6 36. Nf3 Rc7 37. Rbxd5 Ba5 38. e4 Rc2 39. Kf1 Ra2 40. Rd7 Rc6 41.
Rxf7+ Kxf7 42. Ne5+ Ke6 43. Nxc6 Rxa4 44. e5 Bb4 45. Nxb4 Rxb4 46. Rd6+ Kxe5 47.
Rxg6 Kf5 48. Rh6 Kg4 49. Kf2 b5 50. h3+ Kg5 51. Rc6 Rb3 52. h4+ Kg4 53. Rc5 b4
54. Rb5 Kh3 55. Rxh5 Rxg3 56. Rb5 Rg2+ 57. Kf1 Rg4 58. h5 Kg3 59. Ke1 Rh4 60.
Kd2 Kf2 61. Rf5+ Kg3 62. Rb5 Kf2 63. Rf5+ Kg3 64. Ke3 b3 65. Rg5+ Kh3 66. Kf3
Kh2 67. e4 Kh1 68. Rb5 Kh2 69. e5 Rxh5 70. Ke4 Rh3 71. e6 Kg2 72. Kd4 Kf2 73.
Kc4 Re3 74. Kd5 Ke2 75. Kd6 Kd2 76. e7 Kc2 77. Rc5+ Kd2 78. Rd5+ Kc2 79. Rc5+
Kd2 1/2-1/2

[Event "44th Rilton Cup 2014-15"]
[Site "Stockholm SWE"]
[Date "2014.12.30"]
[Round "4.9"]
[White "Lokander, Martin"]
[Black "Mikhalevski, Victor"]
[Result "1-0"]
[WhiteTitle "FM"]
[BlackTitle "GM"]
[WhiteElo "2365"]
[BlackElo "2571"]
[WhiteFideId "1709569"]
[BlackFideId "2801914"]
[EventDate "2014.12.27"]

1. d4 Nf6 2. c4 g6 3. Nc3 d5 4. Bg5 Ne4 5. Nxe4 dxe4 6. e3 c5 7. d5 Bg7 8. Qd2
Qb6 9. O-O-O Nd7 10. Ne2 Ne5 11. Nc3 Bg4 12. Re1 Bf5 13. Be2 h6 14. Bh4 g5 15.
Bg3 g4 16. Qc2 h5 17. f3 Nd3+ 18. Bxd3 exd3 19. Qd2 Qb4 20. e4 Bg6 21. Qxd3 h4
22. Bf4 h3 23. g3 gxf3 24. Rhf1 Bh5 25. Bd2 Bd4 26. Nd1 Qb6 27. Bc3 Rg8 28. Ne3
Bxe3+ 29. Rxe3 O-O-O 30. Be5 f6 31. Bc3 Qa6 32. Kb1 Rd7 33. Ka1 e6 34. b3 Re8
35. Ree1 f5 36. exf5 exd5 37. Rxe8+ Bxe8 38. Qe3 Rd8 39. Qxc5+ Bc6 40. Ba5 dxc4
41. bxc4 Rd6 42. Re1 Rd8 43. Bxd8 f2 44. Qxf2 Qxc4 45. Bf6 1-0

[Event "44th Rilton Cup 2014-15"]
[Site "Stockholm SWE"]
[Date "2014.12.30"]
[Round "4.10"]
[White "Tikkanen, Hans"]
[Black "Westerberg, Jonathan"]
[Result "1-0"]
[WhiteTitle "GM"]
[BlackTitle "IM"]
[WhiteElo "2551"]
[BlackElo "2411"]
[WhiteFideId "1706446"]
[BlackFideId "1701754"]
[EventDate "2014.12.27"]

1. d4 d5 2. c4 c6 3. Nf3 Nf6 4. Nc3 a6 5. e3 Bf5 6. Qb3 Ra7 7. Nh4 Bg6 8. Nxg6
hxg6 9. Bd2 e6 10. c5 Nbd7 11. Bd3 e5 12. Na4 Be7 13. h3 O-O 14. O-O-O Qc8 15.
Kb1 e4 16. Be2 Ra8 17. g4 Rb8 18. g5 Nh5 19. h4 Bd8 20. Bg4 Nxc5 21. Nxc5 Qxg4
22. Nxa6 Rc8 23. Qxb7 f6 24. Rdg1 Qf5 25. gxf6 Rf7 26. Qb3 Qxf2 27. Qd1 Rxf6 28.
Nc5 Rd6 29. Rf1 Qg2 30. Rhg1 Qh3 31. Qg4 Qxg4 32. Rxg4 Kh7 33. Rf8 Rf6 34. Nd7
Rxf8 35. Nxf8+ Kg8 36. Nxg6 c5 37. dxc5 Rxc5 38. Bc3 Rc6 39. Bd4 Nf6 40. Rg5 Kh7
41. Nf4 Ne8 42. Re5 Nc7 43. Nxd5 Nb5 44. Rxe4 Rh6 45. Be5 Re6 46. Nf4 Re8 47.
Nd3 Bf6 48. Kc1 Nd6 49. Rd4 Rxe5 50. Nxe5 Bxe5 51. Rd5 Bg3 52. a4 Nc4 53. e4 Nb6
54. Rh5+ Kg8 55. a5 Nc8 56. b4 Be1 57. Rb5 Nd6 58. Rb8+ Kf7 59. a6 Bf2 60. b5
Ba7 61. b6 Bxb8 62. a7 Bxa7 63. bxa7 Nxe4 64. a8=Q Nf6 65. Kd2 Kg6 66. Ke3 1-0

[Event "44th Rilton Cup 2014-15"]
[Site "Stockholm SWE"]
[Date "2014.12.30"]
[Round "4.12"]
[White "Hedman, Erik"]
[Black "Smith, Axel"]
[Result "0-1"]
[WhiteTitle "FM"]
[BlackTitle "IM"]
[WhiteElo "2375"]
[BlackElo "2479"]
[WhiteFideId "1702351"]
[BlackFideId "1707930"]
[EventDate "2014.12.27"]

1. d4 Nf6 2. c4 e6 3. Nf3 d5 4. g3 dxc4 5. Bg2 Bb4+ 6. Bd2 c5 7. O-O O-O 8. dxc5
Bxc5 9. Nc3 Nbd7 10. e4 Ng4 11. h3 Nge5 12. Nxe5 Nxe5 13. Kh2 Nd3 14. Qc2 Bxf2
15. Nd1 Bd4 16. Qxc4 e5 17. Qc2 Be6 18. Nc3 Qd7 19. Rad1 Nf2 20. Rxf2 Bxf2 21.
Be3 Bxe3 22. Rxd7 Bxd7 23. Nd5 Bd4 24. g4 Kh8 25. g5 Be6 26. h4 Bxd5 27. exd5 f5
28. d6 Rad8 29. Qc7 Bb6 30. Qe7 Bc5 31. h5 Bxd6 32. Qxb7 e4+ 33. Kg1 Bc5+ 34.
Kh2 Be3 0-1

[Event "44th Rilton Cup 2014-15"]
[Site "Stockholm SWE"]
[Date "2014.12.30"]
[Round "4.13"]
[White "Semcesen, Daniel"]
[Black "Sagit, Rauan"]
[Result "0-1"]
[WhiteTitle "GM"]
[BlackTitle "FM"]
[WhiteElo "2471"]
[BlackElo "2357"]
[WhiteFideId "1706993"]
[BlackFideId "1708376"]
[EventDate "2014.12.27"]

1. d4 f5 2. c4 Nf6 3. Nc3 e6 4. e3 Bb4 5. Ne2 O-O 6. a3 Be7 7. Qc2 c6 8. Ng3 d5
9. f3 Kh8 10. Bd2 a5 11. Bd3 f4 12. Nge2 fxe3 13. Bxe3 dxc4 14. Bxc4 Nd5 15. Bf2
Bg5 16. h4 Be3 17. Bg3 Bh6 18. Nxd5 cxd5 19. Bd3 Nc6 20. Bxh7 Bd7 21. Rd1 Rc8
22. Qb1 Qb6 23. Bf2 e5 24. dxe5 Be3 25. O-O Nxe5 26. Nd4 Bxf2+ 27. Rxf2 Rf4 28.
Ne2 Ng4 29. Rf1 Nxf2 30. Rxf2 Rxh4 31. Bd3 Qh6 32. Rf1 Qe3+ 33. Rf2 Rc6 34. Bf5
Qh6 35. Rf1 Rh1+ 36. Kf2 Rxf1+ 37. Kxf1 Qh1+ 38. Kf2 Qxb1 39. Bxb1 Rb6 40. b4
axb4 41. axb4 Rxb4 42. Bg6 Kg8 43. Ke3 Kf8 44. Nf4 Bc6 45. Nd3 Ra4 46. g4 Ke7
47. g5 Kd6 48. f4 d4+ 49. Kd2 Ra2+ 50. Ke1 Bb5 51. Ne5 Re2+ 0-1

[Event "44th Rilton Cup 2014-15"]
[Site "Stockholm SWE"]
[Date "2014.12.30"]
[Round "4.14"]
[White "Cederstam Barsk, Carl"]
[Black "Bekker-Jensen, Simon"]
[Result "1/2-1/2"]
[WhiteTitle "FM"]
[BlackTitle "IM"]
[WhiteElo "2317"]
[BlackElo "2459"]
[WhiteFideId "1713329"]
[BlackFideId "1403613"]
[EventDate "2014.12.27"]

1. d4 Nf6 2. c4 e6 3. Nf3 d5 4. g3 dxc4 5. Bg2 Bb4+ 6. Bd2 c5 7. dxc5 Bxc5 8.
Qa4+ Nbd7 9. Qxc4 b5 10. Qxb5 Rb8 11. Qa4 Rxb2 12. O-O O-O 13. Bc3 Rb6 14. Nbd2
Nd5 15. Ba5 Ra6 16. Nb3 Bb6 17. Bxb6 Rxa4 18. Bxd8 Rxd8 19. Nfd4 Ba6 20. Rfc1
Rc8 21. Rxc8+ Bxc8 22. Bxd5 exd5 23. Rc1 Nb6 24. Rc2 Ba6 25. Nc5 Rxd4 26. Nxa6
Rc4 27. Rxc4 dxc4 28. Kf1 Kf8 29. Ke1 Ke7 30. Kd2 Kd6 31. Kc3 Kd5 32. Nb4+ Kc5
33. Na6+ Kb5 34. Nc7+ Kc6 35. Na6 Kb5 36. Nc7+ Ka4 37. e4 a5 38. Nd5 Nc8 39. e5
Kb5 40. Kd4 Na7 41. Nc3+ Kb4 42. Nd5+ Kb5 43. Nc3+ Kb4 44. Nd5+ 1/2-1/2

[Event "44th Rilton Cup 2014-15"]
[Site "Stockholm SWE"]
[Date "2014.12.30"]
[Round "4.15"]
[White "Akesson, Ralf"]
[Black "Lindgren, Philip"]
[Result "1/2-1/2"]
[WhiteTitle "GM"]
[BlackTitle "FM"]
[WhiteElo "2457"]
[BlackElo "2332"]
[WhiteFideId "1700120"]
[BlackFideId "1713230"]
[EventDate "2014.12.27"]

1. Nf3 Nf6 2. c4 e6 3. Nc3 d5 4. d4 c6 5. e3 Nbd7 6. Qc2 Bd6 7. Be2 O-O 8. b3 e5
9. cxd5 cxd5 10. Nb5 Bb4+ 11. Bd2 Bxd2+ 12. Nxd2 e4 13. O-O a6 14. Nc3 Re8 15.
Rfc1 Nb8 16. b4 Nc6 17. Rab1 Bg4 18. Bf1 Qd6 19. b5 Nb4 20. Qb3 a5 21. Na4 Bf5
22. h3 g5 23. Nc5 g4 24. Nxb7 Qb8 25. Nxa5 Rxa5 26. Qxb4 Rxa2 27. Ra1 Rxa1 28.
Rxa1 gxh3 29. gxh3 Kh8 30. Ra6 Rg8+ 31. Kh1 Rg6 32. Qd6 Qg8 33. Qe5 Be6 34. Rb6
Rg1+ 35. Kh2 Qg6 36. Rb8+ Kg7 37. b6 Rg5 38. Qf4 Rf5 39. Qg3 Rg5 40. Qd6 Qh5 41.
Qf4 Ng4+ 42. Kh1 Qh4 43. b7 Nxf2+ 44. Kh2 Ng4+ 45. Kh1 Nf2+ 46. Kh2 Ng4+ 47. Kh1 1/2-1/2

[Event "44th Rilton Cup 2014-15"]
[Site "Stockholm SWE"]
[Date "2014.12.30"]
[Round "4.16"]
[White "Engstrom, Kaj"]
[Black "Hagen, Andreas Skytte"]
[Result "0-1"]
[BlackTitle "IM"]
[WhiteElo "2261"]
[BlackElo "2430"]
[WhiteFideId "1701134"]
[BlackFideId "1407341"]
[EventDate "2014.12.27"]

1. e4 c5 2. Nf3 d6 3. d4 cxd4 4. Nxd4 Nf6 5. Nc3 a6 6. h3 e6 7. g4 Be7 8. Bg2
Nfd7 9. O-O Nc6 10. Nde2 b5 11. Ng3 Bb7 12. f4 b4 13. Nce2 O-O 14. f5 Re8 15.
Nh5 Bf8 16. g5 Nce5 17. fxe6 fxe6 18. Nd4 Nc5 19. Qe1 a5 20. Bf4 Ng6 21. Bd2 Be7
22. Qg3 Rf8 23. Rxf8+ Bxf8 24. Rf1 Qd7 25. Qg4 Ne5 26. Qh4 Be7 27. Kh2 Rf8 28.
Nf6+ gxf6 29. gxf6 Ng6 30. Qg5 Nxe4 31. Bxe4 Bxe4 32. Qg4 d5 33. Bg5 Bd6+ 34.
Kg1 Bc5 35. c3 Rf7 36. Kh2 Bxd4 37. cxd4 Qc7+ 38. Kg1 Bf5 39. Qg2 Qc2 40. Qxc2
Bxc2 41. Rc1 Rc7 42. b3 e5 43. Kf2 exd4 44. Ke1 Ne5 45. Ke2 Bd3+ 0-1

[Event "44th Rilton Cup 2014-15"]
[Site "Stockholm SWE"]
[Date "2014.12.30"]
[Round "4.17"]
[White "Sjodahl, Pontus"]
[Black "Sarandos, Vasilios"]
[Result "1-0"]
[WhiteTitle "IM"]
[WhiteElo "2421"]
[BlackElo "2245"]
[WhiteFideId "1700537"]
[BlackFideId "4203542"]
[EventDate "2014.12.27"]

1. d4 d6 2. e4 Nf6 3. f3 d5 4. Nc3 e6 5. Be3 Bb4 6. Qd3 O-O 7. Ne2 b6 8. a3 dxe4
9. fxe4 Ba6 10. Qd1 Bxe2 11. Bxe2 Bxc3+ 12. bxc3 Nxe4 13. Qd3 f5 14. Bf3 Nd7 15.
O-O Ndf6 16. c4 Qd7 17. a4 a5 18. g4 h6 19. c3 Rad8 20. Ra2 Nc5 21. Qc2 fxg4 22.
Bg2 Na6 23. Qb1 Nh7 24. Qg6 Rxf1+ 25. Bxf1 Qf7 26. Qxg4 Nf6 27. Qg2 Kh8 28. Rf2
Nb8 29. Bf4 c5 30. Be5 Nbd7 31. Bc7 Rf8 32. Bd6 Re8 33. Bd3 Nf8 34. Be5 Rd8 35.
Qg3 N8h7 36. Bc7 Rc8 37. Bxb6 Qh5 38. Be2 Qe8 39. Rg2 g5 40. Qe5 Qxa4 41. Rf2
Kg7 42. Bxc5 Qe8 43. Bd3 Qh5 44. Be7 Qd1+ 45. Bf1 Qg4+ 46. Bg2 Rf8 47. Bxf8+
Kxf8 48. Qxa5 Kg7 49. Qc7+ Kg6 50. Qg3 Qd1+ 51. Bf1 Kg7 52. Qf3 Qb1 53. c5 g4
54. Qf4 Qb7 55. Bd3 h5 56. Qe5 Kg8 57. Qxe6+ Kg7 58. Qe5 Kg8 59. Rxf6 Nxf6 60.
Qxf6 Qb3 61. Qg5+ Kf8 62. Qh6+ Ke7 63. Qe3+ Kd8 64. Bf1 Qd1 65. d5 1-0

[Event "44th Rilton Cup 2014-15"]
[Site "Stockholm SWE"]
[Date "2014.12.30"]
[Round "4.18"]
[White "Smirin, Ilia"]
[Black "Furhoff, Johan"]
[Result "1-0"]
[WhiteTitle "GM"]
[BlackTitle "IM"]
[WhiteElo "2644"]
[BlackElo "2321"]
[WhiteFideId "2801990"]
[BlackFideId "1701797"]
[EventDate "2014.12.27"]

1. e4 e5 2. Nf3 Nc6 3. Bb5 a6 4. Ba4 Nf6 5. O-O b5 6. Bb3 Bb7 7. Re1 Bc5 8. c3
d6 9. d4 Bb6 10. Be3 O-O 11. Nbd2 h6 12. h3 Re8 13. d5 Na5 14. Bxb6 cxb6 15. Bc2
Nc4 16. Rb1 Nxd2 17. Nxd2 Rc8 18. Bd3 Rc7 19. a4 bxa4 20. Qxa4 b5 21. Qa3 Nh5
22. Bf1 f5 23. c4 Nf6 24. exf5 bxc4 25. Nxc4 Rc5 26. Nxe5 Rxd5 27. Nc4 Kh8 28.
Rxe8+ Nxe8 29. Ne3 Re5 30. Rd1 Qa8 31. b4 d5 32. b5 axb5 33. Qf8+ Kh7 34. Ng4
Re4 35. f6 Nxf6 36. Nxf6+ gxf6 37. Qf7+ 1-0

[Event "44th Rilton Cup 2014-15"]
[Site "Stockholm SWE"]
[Date "2014.12.30"]
[Round "4.19"]
[White "Tomov, Georgi"]
[Black "Goganov, Aleksey"]
[Result "0-1"]
[WhiteTitle "FM"]
[BlackTitle "GM"]
[WhiteElo "2257"]
[BlackElo "2615"]
[WhiteFideId "2908964"]
[BlackFideId "24109959"]
[EventDate "2014.12.27"]

1. d4 Nf6 2. c4 e6 3. Nc3 Bb4 4. Qc2 O-O 5. Nf3 c5 6. dxc5 Na6 7. g3 Nxc5 8. Bg2
b6 9. O-O Bb7 10. a3 Bxc3 11. Qxc3 Rc8 12. b4 Nce4 13. Qd4 Qc7 14. Bb2 Qxc4 15.
Rfc1 Qxe2 16. Re1 Qc4 17. Qxc4 Rxc4 18. Ne5 Rc2 19. Nd3 d5 20. Rec1 Rfc8 21. b5
Nxf2 22. Rxc2 Rxc2 23. Rc1 Rxc1+ 24. Nxc1 N2e4 25. Nd3 a6 26. Bd4 axb5 27. Bxb6
Nd7 28. Bd4 Nd6 29. Nc5 Nxc5 30. Bxc5 Nc4 31. Kf2 f6 32. h4 Kf7 33. Bh3 Bc6 34.
Ke2 g6 35. Kd3 f5 36. Kc3 e5 37. Kb4 Ke6 38. Bf1 Nd6 39. Ba7 d4 40. Bb8 Ne4 41.
Ba7 Nxg3 42. Bxb5 Bxb5 43. Kxb5 d3 0-1

[Event "44th Rilton Cup 2014-15"]
[Site "Stockholm SWE"]
[Date "2014.12.30"]
[Round "4.20"]
[White "Wallace, John Paul"]
[Black "Rydstrom, Tom"]
[Result "1-0"]
[WhiteTitle "IM"]
[WhiteElo "2404"]
[BlackElo "2243"]
[WhiteFideId "3200957"]
[BlackFideId "1714830"]
[EventDate "2014.12.27"]

1. d4 Nf6 2. c4 e6 3. Nc3 b6 4. e4 Bb7 5. Bd3 d5 6. cxd5 exd5 7. e5 Ne4 8. Nge2
Nd7 9. Qc2 c5 10. Nxe4 dxe4 11. Bxe4 Bxe4 12. Qxe4 cxd4 13. Nxd4 Bb4+ 14. Ke2
O-O 15. Nc6 Nc5 16. Qc4 Qc7 17. Nxb4 Qxe5+ 18. Be3 Qxb2+ 19. Kf3 Rfe8 20. Nd5
Re4 21. Qc3 Qb5 22. Rhd1 Rae8 23. g3 Qc6 24. Bxc5 bxc5 25. Kg2 Re2 26. Kg1 h6
27. a3 c4 28. Nf4 R2e4 29. Rac1 Qc5 30. Rd5 Qc6 31. Rd4 a6 32. Rxe4 Rxe4 33. Qd2
Qc5 34. Rc3 Rd4 35. Qe3 Rd1+ 36. Kg2 Qc7 37. Qe8+ Kh7 38. Qe4+ 1-0

[Event "44th Rilton Cup 2014-15"]
[Site "Stockholm SWE"]
[Date "2014.12.30"]
[Round "4.21"]
[White "Johansson, Linus"]
[Black "Gajic, Mladen"]
[Result "1-0"]
[WhiteTitle "FM"]
[WhiteElo "2391"]
[BlackElo "2210"]
[WhiteFideId "1711113"]
[BlackFideId "1709178"]
[EventDate "2014.12.27"]

1. d4 Nf6 2. c4 c5 3. d5 e6 4. Nc3 exd5 5. cxd5 d6 6. e4 g6 7. Bd3 Bg7 8. h3 O-O
9. Nf3 Nh5 10. O-O Nd7 11. Bg5 Bf6 12. Bh6 Bg7 13. Bg5 Bf6 14. Be3 Re8 15. Qd2
Ne5 16. Be2 Nxf3+ 17. Bxf3 Ng7 18. Rfe1 Rb8 19. Rab1 Bd7 20. Bf4 Be5 21. Bxe5
Rxe5 22. b4 cxb4 23. Rxb4 f5 24. exf5 Rxe1+ 25. Qxe1 gxf5 26. Ne2 b5 27. Nd4 a5
28. Rb1 Qh4 29. Nc6 Re8 30. Qxa5 f4 31. Re1 Rf8 32. Qc7 Bxh3 33. Ne7+ Kh8 34.
Qxd6 1-0

[Event "44th Rilton Cup 2014-15"]
[Site "Stockholm SWE"]
[Date "2014.12.30"]
[Round "4.22"]
[White "Luukkonen, Tommi"]
[Black "Thompson, Ian D"]
[Result "1-0"]
[WhiteTitle "FM"]
[BlackTitle "FM"]
[WhiteElo "2334"]
[BlackElo "2195"]
[WhiteFideId "501808"]
[BlackFideId "405205"]
[EventDate "2014.12.27"]

1. e4 e5 2. Nf3 Nc6 3. Bb5 a6 4. Ba4 Nf6 5. O-O Be7 6. d3 b5 7. Bb3 d6 8. a4 Bd7
9. c3 O-O 10. Re1 Na5 11. Bc2 c5 12. Nbd2 Re8 13. Nf1 Bf8 14. Bg5 h6 15. Bh4 g5
16. Bg3 Bg7 17. d4 cxd4 18. cxd4 exd4 19. Nxd4 Nc6 20. Nxc6 Bxc6 21. f3 bxa4 22.
Bxd6 Qb6+ 23. Kh1 Re6 24. e5 Nd5 25. Qd3 Rg6 26. e6 Be8 27. Qxd5 Rd8 28. Bxg6 1-0

[Event "44th Rilton Cup 2014-15"]
[Site "Stockholm SWE"]
[Date "2014.12.30"]
[Round "4.23"]
[White "Couso, Luis"]
[Black "Berglind, Axel"]
[Result "1/2-1/2"]
[WhiteTitle "FM"]
[WhiteElo "2328"]
[BlackElo "1972"]
[WhiteFideId "1702920"]
[BlackFideId "1720228"]
[EventDate "2014.12.27"]

1. Nf3 d5 2. d4 Nf6 3. e3 c6 4. c4 e6 5. Bd3 Nbd7 6. O-O dxc4 7. Bxc4 b5 8. Be2
a6 9. a4 Bb7 10. Nbd2 Be7 11. e4 O-O 12. e5 Nd5 13. Ne4 bxa4 14. Bd3 c5 15. dxc5
Nb4 16. Bb1 Nxc5 17. Nxc5 Qxd1 18. Rxd1 Bxc5 19. Ng5 h6 20. Bh7+ Kh8 21. Be4 Bc6
22. Bxc6 Nxc6 23. Nf3 Rfd8 24. Be3 Bxe3 25. Rxd8+ Rxd8 26. fxe3 Rd5 27. Rxa4 a5
28. Nd4 Nxe5 29. e4 Rc5 30. h3 Nd3 31. Nb3 Rb5 32. Nxa5 Rxb2 33. Nc4 Rb1+ 34.
Kh2 Kh7 35. Ra7 Kg6 36. Rd7 Rb4 37. Rc7 f6 38. Nd6 Ne5 39. Kg3 Rd4 40. Ne8 Nd7
41. Kf3 Kf7 42. Ke3 e5 43. Rc8 Nb6 44. Rc6 Kxe8 45. Rxb6 Rd7 46. h4 h5 47. Kf3
Rd3+ 48. Kf2 Kf7 49. Rb7+ Kg6 50. Rb6 Kh7 51. g3 Ra3 52. Rc6 Ra7 53. Kf3 Rf7 54.
Re6 g6 55. Re8 Kg7 56. Re6 Rb7 57. Ra6 f5 58. exf5 gxf5 59. Re6 Rb3+ 60. Kf2 e4
61. Re8 Kf6 62. Rh8 Ke5 63. Rxh5 Rb2+ 64. Ke3 Rb3+ 1/2-1/2

[Event "44th Rilton Cup 2014-15"]
[Site "Stockholm SWE"]
[Date "2014.12.30"]
[Round "4.24"]
[White "Percivaldi, Martin"]
[Black "Norlin, Egor"]
[Result "1-0"]
[WhiteTitle "FM"]
[WhiteElo "2319"]
[BlackElo "2186"]
[WhiteFideId "1508148"]
[BlackFideId "1713973"]
[EventDate "2014.12.27"]

1. d4 e6 2. c4 Nf6 3. g3 d5 4. Nf3 dxc4 5. Bg2 a6 6. O-O b5 7. Ne5 Nd5 8. a4 Bb7
9. Nc3 Nxc3 10. bxc3 Bxg2 11. Kxg2 c6 12. e4 Bd6 13. Qg4 g6 14. Qf3 f6 15. Ng4
Be7 16. axb5 cxb5 17. e5 Nd7 18. exf6 Nxf6 19. Qc6+ Kf7 20. Ne5+ Kg7 21. Bh6+
Kxh6 22. Nf7+ 1-0

[Event "44th Rilton Cup 2014-15"]
[Site "Stockholm SWE"]
[Date "2014.12.30"]
[Round "4.25"]
[White "Nielsen, Hogni Egilstoft"]
[Black "Nielsen, Rogvi Egilstoft"]
[Result "1/2-1/2"]
[WhiteElo "2226"]
[BlackElo "2284"]
[WhiteFideId "7200404"]
[BlackFideId "7200447"]
[EventDate "2014.12.27"]

1. e4 e6 2. d4 d5 3. Nd2 Nf6 4. e5 Nfd7 5. Bd3 c5 6. c3 Nc6 7. Ne2 cxd4 8. cxd4
f6 9. Nf4 Nxd4 10. Qh5+ Ke7 11. exf6+ Nxf6 12. Ng6+ hxg6 13. Qxh8 Kf7 1/2-1/2

[Event "44th Rilton Cup 2014-15"]
[Site "Stockholm SWE"]
[Date "2014.12.30"]
[Round "4.26"]
[White "Haug, Johannes"]
[Black "Lissang, Christopher"]
[Result "1/2-1/2"]
[WhiteElo "2121"]
[BlackElo "2273"]
[WhiteFideId "1509268"]
[BlackFideId "1709615"]
[EventDate "2014.12.27"]

1. e4 c5 2. Nf3 Nc6 3. Bb5 d6 4. O-O Bd7 5. Re1 a6 6. Bf1 Bg4 7. c3 g6 8. h3
Bxf3 9. Qxf3 Bg7 10. d3 Nf6 11. Qd1 Nd7 12. Nd2 b5 13. Nf3 b4 14. d4 O-O 15. Qa4
Qc7 16. Be3 Rfb8 17. Rab1 a5 18. Rec1 Qb7 19. Qd1 Rc8 20. Bc4 Nb6 21. Bf1 Nd7
22. Bc4 Nb6 23. Bf1 Nd7 1/2-1/2

[Event "44th Rilton Cup 2014-15"]
[Site "Stockholm SWE"]
[Date "2014.12.30"]
[Round "4.27"]
[White "Thingstad, Even"]
[Black "Blomqvist, Erik"]
[Result "0-1"]
[BlackTitle "GM"]
[WhiteElo "2243"]
[BlackElo "2525"]
[WhiteFideId "1506439"]
[BlackFideId "1709437"]
[EventDate "2014.12.27"]

1. d4 d5 2. c4 c6 3. Nf3 Nf6 4. Nc3 Qb6 5. Qc2 Bg4 6. e3 e6 7. Bd3 Nbd7 8. h3
Bh5 9. Nh4 dxc4 10. Bxc4 Bd6 11. g4 Bg6 12. Nxg6 hxg6 13. Bd2 g5 14. O-O-O O-O-O
15. Kb1 Kb8 16. Bc1 Qc7 17. e4 Nb6 18. Bd3 Bf4 19. Ne2 e5 20. dxe5 Qxe5 21. Nxf4
gxf4 22. Qc3 Qc7 23. g5 Ne8 24. Be2 Rxd1 25. Rxd1 f6 26. Qc5 a6 27. Qf5 fxg5 28.
Qxg5 Rf8 29. Rd8+ Ka7 30. Bh5 g6 31. Bxg6 Qg7 0-1

[Event "44th Rilton Cup 2014-15"]
[Site "Stockholm SWE"]
[Date "2014.12.30"]
[Round "4.28"]
[White "Habu, Yoshiharu"]
[Black "Ertan, Can"]
[Result "0-1"]
[WhiteTitle "FM"]
[BlackTitle "FM"]
[WhiteElo "2415"]
[BlackElo "2224"]
[WhiteFideId "7000537"]
[BlackFideId "6306330"]
[EventDate "2014.12.27"]

1. e4 e5 2. Nf3 Nc6 3. Bb5 a6 4. Ba4 Nf6 5. O-O Be7 6. Re1 b5 7. Bb3 O-O 8. c3
d5 9. exd5 Nxd5 10. Nxe5 Nxe5 11. Rxe5 c6 12. d4 Bd6 13. Re1 Qh4 14. g3 Qh3 15.
Re4 g5 16. Qf1 Qh5 17. Nd2 Nf6 18. f3 Bf5 19. Qg2 g4 20. fxg4 Bxg4 21. Rxg4+
Nxg4 22. Nf3 Rae8 23. h3 Ne3 24. Bxe3 Rxe3 25. Rf1 Kh8 26. g4 Qh6 27. g5 Qh5 28.
Bd1 f6 29. h4 fxg5 30. Ne5 Rxf1+ 31. Qxf1 Rg3+ 32. Kf2 Qxh4 33. Nf7+ Kg7 34.
Nxd6 Qh2+ 0-1